ALL New Mexico Cities - Statistics

General Stats
  • This quiz has been taken 42 times
  • The average score is 32 of 106
Answer Stats
County Municipality % Correct
A Bernalillo Albuquerque
100%
S Santa Fe Santa Fe‡
94%
L Doña Ana Las Cruces
83%
T Taos Taos
77%
G McKinley Gallup
74%
R Bernalillo and Sandoval Rio Rancho
74%
R Chaves Roswell
74%
F San Juan Farmington
71%
L San Miguel Las Vegas
71%
L Los Alamos Los Alamos
69%
T Sierra Truth or Consequences
69%
C Eddy Carlsbad
66%
A Otero Alamogordo
60%
C Curry Clovis
60%
H Lea Hobbs
57%
R Colfax Raton
54%
S Grant Silver City
54%
B Sandoval Bernalillo
51%
D Luna Deming
51%
L Valencia Los Lunas
51%
S Socorro Socorro
51%
G Cibola Grants
46%
T Quay Tucumcari
46%
A San Juan Aztec
37%
L Hidalgo Lordsburg
37%
L Eddy Loving
37%
R Lincoln Ruidoso
37%
A Eddy Artesia
34%
E Rio Arriba and Santa Fe Espanola
34%
P Roosevelt Portales
34%
B Valencia Belen
31%
M Doña Ana Mesilla
31%
M Torrance Moriarty
31%
A Doña Ana Anthony
29%
C Lincoln Carrizozo
29%
C Union Clayton
29%
E Sierra Elephant Butte
29%
S Guadalupe Santa Rosa
29%
S Doña Ana Sunland Park
29%
C Sandoval Cuba
26%
H Doña Ana Hatch
26%
L Lea Lovington
26%
Q Taos Questa
26%
R Lincoln Ruidoso Downs
26%
T Otero Tularosa
26%
A Colfax Angel Fire
23%
B San Juan Bloomfield
23%
C Rio Arriba Chama
23%
C Otero Cloudcroft
23%
C Luna Columbus
23%
J Lea Jal
23%
M Socorro Magdalena
23%
P San Miguel Pecos
23%
T Curry Texico
23%
V Guadalupe Vaughn
23%
C Lincoln Corona
20%
E Torrance Encino
20%
J Sandoval Jemez Springs
20%
L Bernalillo Los Ranchos de Albuquerque
20%
M Torrance Mountainair
20%
R Catron Reserve
20%
S Colfax Springer
20%
T Bernalillo Tijeras
20%
B Grant Bayard
17%
D Union Des Moines
17%
E Santa Fe Edgewood
17%
E Torrance Estancia
17%
H Chaves Hagerman
17%
K San Juan Kirtland
17%
M Cibola Milan
17%
M Harding and San Miguel Mosquero
17%
R Taos Red River
17%
R Harding Roy
17%
S Quay San Jon
17%
T Taos Taos Ski Valley
17%
W Mora Wagon Mound
17%
W Sierra Williamsburg
17%
C Lincoln Capitan
14%
C Colfax Cimarron
14%
C Sandoval Corrales
14%
D Chaves Dexter
14%
E Lea Eunice
14%
F De Baca Fort Sumner
14%
H Quay House
14%
L Quay Logan
14%
M Colfax Maxwell
14%
M Curry Melrose
14%
R Valencia Rio Communities
14%
S Sandoval San Ysidro
14%
T Lea Tatum
14%
W Torrance Willard
14%
B Valencia Bosque Farms
11%
E Colfax Eagle Nest
11%
E Roosevelt Elida
11%
F Roosevelt Floyd
11%
F Union Folsom
11%
G Union Grenville
11%
H Eddy Hope
11%
H Grant Hurley
11%
L Chaves Lake Arthur
11%
P Valencia Peralta
11%
S Grant Santa Clara
11%
C Roosevelt Causey
9%
D Roosevelt Dora
9%
G Curry Grady
9%
V Hidalgo Virden
9%
No matching quizzes found
Score Distribution
Percent of People with Each Score
Percentile by Number Answered
Your Score History
You have not taken this quiz